Statistics for Dave Matthews Band Album Quiz

Click here to take the quiz!

General Stats

  • This quiz has been taken 61 times
  • The average score is 49 of 110

Answer Stats

Year Album Answer % Correct
1996CrashCrash Into Me
100%
1994Under the Table and DreamingAnts Marching
100%
1996Crash#41
95%
2001EverydayEveryday
95%
2002Busted StuffGrey Street
89%
1994Under the Table and DreamingWarehouse
84%
1994Under the Table and DreamingWhat Would You Say
79%
1998Before These Crowded StreetsCrush
79%
2018Come TomorrowCome Tomorrow
79%
1998Before These Crowded StreetsDon't Drink the Water
79%
1994Under the Table and DreamingThe Best of What's Around
74%
2009Big Whiskey & the GrooGrux KingAlligator Pie
74%
1998Before These Crowded StreetsPig
74%
1998Before These Crowded StreetsStay (Wasting Time)
74%
1998Before These Crowded StreetsRapunzel
74%
2005Stand UpStand Up (For It)
74%
1994Under the Table and DreamingJimi Thing
74%
1994Under the Table and DreamingSatellite
74%
1996CrashSo Much to Say
74%
1996CrashToo Much
68%
2002Busted StuffBartender
68%
2002Busted StuffWhere Are You Going
68%
1996CrashTripping Billies
68%
2002Busted StuffBusted Stuff
68%
1996CrashTwo Step
68%
2002Busted StuffGrace Is Gone
63%
2009Big Whiskey & the GrooGrux KingSpaceman
63%
1994Under the Table and DreamingDancing Nancies
63%
1998Before These Crowded StreetsThe Dreaming Tree
63%
1998Before These Crowded StreetsThe Stone
63%
2005Stand UpAmerican Baby
63%
2009Big Whiskey & the GrooGrux KingWhy I Am
58%
2009Big Whiskey & the GrooGrux KingShake Me Like a Monkey
58%
1994Under the Table and DreamingRhyme & Reason
58%
1996CrashProudest Monkey
58%
1998Before These Crowded StreetsPantala Naga Pampa
58%
1994Under the Table and Dreaming#34
53%
2002Busted StuffBig Eyed Fish
53%
2018Come TomorrowSamurai Cop (Oh Joy Begin)
53%
2009Big Whiskey & the GrooGrux KingFunny the Way it is
53%
2009Big Whiskey & the GrooGrux KingSeven
53%
2005Stand UpDreamgirl
47%
2009Big Whiskey & the GrooGrux KingGrux
47%
1994Under the Table and DreamingTypical Situation
47%
2012Away from the WorldMercy
47%
1998Before These Crowded StreetsThe Last Stop
47%
2009Big Whiskey & the GrooGrux KingYou & Me
47%
1996CrashSay Goodbye
47%
1998Before These Crowded StreetsSpoon
47%
1998Before These Crowded StreetsHalloween
42%
2002Busted StuffRaven
42%
2018Come TomorrowIdea of You
42%
1994Under the Table and DreamingLover Lay Down
42%
2009Big Whiskey & the GrooGrux KingLying in the Hands of God
42%
2009Big Whiskey & the GrooGrux KingDive In
37%
2018Come TomorrowThat Girl is You
37%
2012Away from the WorldSnow Outside
37%
2018Come TomorrowShe
37%
2018Come TomorrowCan't Stop
37%
2018Come TomorrowCome on Come on
37%
2005Stand UpLouisiana Bayou
37%
2002Busted StuffDigging a Ditch
37%
1996CrashLie In Our Graves
37%
2002Busted StuffYou Never Know
37%
1996CrashDrive In, Drive Out
37%
2001EverydayI Did It
37%
2001EverydayWhat You Are
37%
2001EverydayAngel
37%
2012Away from the WorldSweet
32%
2005Stand UpSmooth Rider
32%
2001EverydayWhen the World Ends
32%
2012Away from the WorldBelly Full
32%
2012Away from the WorldBelly Belly Nice
32%
2002Busted StuffCaptain
32%
2005Stand UpYou Might Die Trying
32%
1994Under the Table and DreamingPay For What You Get
32%
2018Come Tomorrowbkdkdkdd
32%
2012Away from the WorldRooftop
32%
1996CrashCry Freedom
26%
2018Come TomorrowAgain and Again
26%
2009Big Whiskey & the GrooGrux KingSquirm
26%
1996CrashLet You Down
26%
2009Big Whiskey & the GrooGrux KingBaby Blue
26%
2001EverydaySo Right
26%
2018Come TomorrowDo You Remember
26%
2001EverydayMother Father
26%
2018Come TomorrowVirginia in the Rain
21%
2018Come TomorrowHere On Out
21%
2018Come TomorrowBlack and Blue Bird
21%
2012Away from the WorldDrunken Soldier
21%
2001EverydayThe Space Between
21%
2005Stand UpAmerican Baby Intro
21%
2012Away from the WorldIf Only
21%
2009Big Whiskey & the GrooGrux KingTime Bomb
21%
2005Stand UpOld Dirt Hill (Bring that Beat Back)
21%
2005Stand UpStolen Away on 55th & 3rd
21%
2002Busted StuffKit Kat Jam
21%
2012Away from the WorldGaucho
21%
2001EverydayDreams of Our Fathers
21%
2018Come TomorrowWhen I'm Weary
21%
2001EverydayFool to Think
16%
2001EverydaySleep to Dream Her
16%
2012Away from the WorldThe Riff
16%
2005Stand UpHunger for the Great Light
16%
2005Stand UpSteady as We Go
16%
2012Away from the WorldBroken Things
11%
2001EverydayIf I Had it All
11%
2005Stand UpHello Again
11%
2005Stand UpOut of My Hands
5%
2005Stand UpEverybody Wake Up (Our Finest Hour Arrives)
5%

Score Distribution

Percentile by Number Answered

Percent of People with Each Score

Your Score History

You have not taken this quiz